Political, organizational, and military leadership in Pakistan / (Record no. 587117)

000 -LEADER
fixed length control field 01193cam a2200337 a 4500
001 - CONTROL NUMBER
control field 13667334
005 - DATE AND TIME OF LATEST TRANSACTION
control field 20211206185348.0
008 - FIXED-LENGTH DATA ELEMENTS--GENERAL INFORMATION
fixed length control field 040719s2004 pk b 001 0 eng
010 ## - LIBRARY OF CONGRESS CONTROL NUMBER
LC control number 2004439302
020 ## - INTERNATIONAL STANDARD BOOK NUMBER
International Standard Book Number 9694150639
025 ## - OVERSEAS ACQUISITION NUMBER
Overseas acquisition number P-E-2004439302; 17; 23
035 ## - SYSTEM CONTROL NUMBER
System control number (DLC) 2004439302
040 ## - CATALOGING SOURCE
Original cataloging agency DLC
Transcribing agency DLC
042 ## - AUTHENTICATION CODE
Authentication code lcode
043 ## - GEOGRAPHIC AREA CODE
Geographic area code a-pk---
050 00 - LIBRARY OF CONGRESS CALL NUMBER
Classification number HM1261
Item number .A38 2004
082 ## - DEWEY DECIMAL CLASSIFICATION NUMBER
Classification number 303.340954
Author Mark AKH
100 1# - MAIN ENTRY--PERSONAL NAME
Personal name Akhtar, Tanvir.
9 (RLIN) 85805
245 10 - TITLE STATEMENT
Title Political, organizational, and military leadership in Pakistan /
Statement of responsibility, etc. Tanvir Akhtar.
260 ## - PUBLICATION, DISTRIBUTION, ETC.
Place of publication, distribution, etc. Islamabad :
Name of publisher, distributor, etc. National Istitute of Historical and Cultural Research, Centre of Excellence, Quaid-i-Azam University,
Date of publication, distribution, etc. 2004.
300 ## - PHYSICAL DESCRIPTION
Extent 127 p. ;
Dimensions 25 cm.
500 ## - GENERAL NOTE
General note Revision of the author's thesis.
504 ## - BIBLIOGRAPHY, ETC. NOTE
Bibliography, etc. note Includes bibliographical references (p. 109-121) and index.
650 #0 - SUBJECT ADDED ENTRY--TOPICAL TERM
Topical term or geographic name entry element Leadership.
9 (RLIN) 85806
650 #0 - SUBJECT ADDED ENTRY--TOPICAL TERM
Topical term or geographic name entry element Leadership
Geographic subdivision Pakistan.
9 (RLIN) 85807
650 #0 - SUBJECT ADDED ENTRY--TOPICAL TERM
Topical term or geographic name entry element Leadership
General subdivision Psychological aspects.
9 (RLIN) 85808
650 #0 - SUBJECT ADDED ENTRY--TOPICAL TERM
Topical term or geographic name entry element Social surveys
Geographic subdivision Pakistan.
9 (RLIN) 85809
906 ## - LOCAL DATA ELEMENT F, LDF (RLIN)
a 7
b cbc
c origode
d 3
e ncip
f 20
g y-gencatlg
942 ## - ADDED ENTRY ELEMENTS (KOHA)
Source of classification or shelving scheme
Koha item type Book
Holdings
Withdrawn status Lost status Source of classification or shelving scheme Damaged status Not for loan Permanent Location Current Location Date acquired Total Checkouts Full call number Barcode Date last seen Price effective from Koha item type
          School of Civil and Environmental Engineering (SCEE) School of Civil and Environmental Engineering (SCEE) 12/06/2021   303.340954 AKH NIT-13399 12/06/2021 12/06/2021 Book
© 2023 Central Library, National University of Sciences and Technology. All Rights Reserved.